Ready for a challenge? : Army ROTC basic camp.

Bibliographic Details
Corporate Author: United States. Army. Reserve Officers' Training Corps
Format: Government Document Book
Language:English
Published: [Washington, D.C.?] : Army ROTC, [1985]
Subjects:

MARC

Tag First Indicator Second Indicator Subfields
LEADER 00000cam a2200000 a 4500
001 in00000845461
005 20151019064236.0
008 850501s1985 dcua f00010 eng d
010 |a gp 85016676  
035 |a (OCoLC)11984721 
035 |9 AEC8309AM 
040 |a GPO  |c GPO  |d UtOrBLW 
043 |a n-us--- 
074 |a 323-A 
086 0 |a D 101.43/2:676 
088 |a RPI 676 
110 1 |a United States.  |b Army.  |b Reserve Officers' Training Corps. 
245 1 0 |a Ready for a challenge? :  |b Army ROTC basic camp. 
264 1 |a [Washington, D.C.?] :  |b Army ROTC,  |c [1985] 
300 |a 7 unnumbered pages :  |b color illustrations ;  |c 22 cm. 
336 |a text  |b txt  |2 rdacontent 
337 |a unmediated  |b n  |2 rdamedia 
338 |a volume  |b nc  |2 rdacarrier 
500 |a Cover title. 
500 |a "January 1985"--P. [4] of cover. 
500 |a "RPI676"--P. [4] of cover. 
610 1 0 |a United States.  |b Army.  |b Reserve Officers' Training Corps. 
999 |a MARS 
999 f f |s e775937f-ff82-3cd5-987d-4a33e6de6f63  |i b9300655-73b9-3902-98bb-2ed1d304d445  |t 0 
952 f f |p normal  |a Texas A&M University  |b College Station  |c Sterling C. Evans Library  |d Evans: US Documents (Annex 5th floor)  |t 0  |e D 101.43/2: 676  |h Superintendent of Documents classification  |i unmediated -- volume  |m A14815906331 
998 f f |a D 101.43/2: 676  |t 0  |l Evans: US Documents (Annex 5th floor)